Humanities 2 : Selected Readings
Kaydedildi:
| Müşterek Yazar: | |
|---|---|
| Materyal Türü: | Kitap |
| Dil: | Undetermined |
| Baskı/Yayın Bilgisi: |
Chicago, Estados Unidos
The University of Chicago Press
1958
|
| Konular: | |
| Etiketler: |
Etiketle
Etiket eklenmemiş, İlk siz ekleyin!
|
MARC
| LEADER | 00000nam a2200000Ia 4500 | ||
|---|---|---|---|
| 008 | 170316s9999 xx 000 0 und d | ||
| 040 | |a cru BVZT | ||
| 090 | |a 810 U-25h | ||
| 110 | |a University of Chicago | ||
| 245 | |a Humanities 2 : Selected Readings | ||
| 260 | |a Chicago, Estados Unidos | ||
| 260 | |b The University of Chicago Press | ||
| 260 | |c 1958 | ||
| 300 | |a 549 páginas | ||
| 650 | |a LITERATURA ESTADOUNIDENSE | ||
| 999 | |c 6216 |d 6216 | ||
| 942 | |c 15 D |h 810 U-25h |2 z | ||
